000 00530nam a2200205Ia 4500
003 GCL
008 140319s9999 xx 000 0 eng d
040 _aGCL /
_cGCL
082 0 4 _a649.68
_bD B
100 1 _aDICKINSON, DAVID K.
245 1 0 _aBRIDGES TO LITERACY /
_cDICKINSON, DAVID K.
260 _a[S.N] :
_bBLACK WELL ،
_c1994
300 _a297 P
650 0 4 _aREADING
650 0 4 _aCHILDREN
650 0 4 _aBOOKS AND READING
650 0 4 _aFAMILY LITERACY PROGRAMS
650 0 4 _aPARENT PARTICIPATION
942 _2ddc
_cBK
999 _c24170
_d24170